| 000 | 00548nam a2200169 a 4500 | ||
|---|---|---|---|
| 001 | 703 | ||
| 003 | CDMR | ||
| 005 | 20131007114639.0 | ||
| 008 | 130130s1929||||||||||||||||||||||||||||d | ||
| 040 |
_aCDMR _bcat _cCDMR |
||
| 100 | 1 |
_aAsenjo, Antonio _9541 |
|
| 245 | 1 | 0 |
_aDiario de Barcelona _b: (1792-1929) : : monografía bibliográfica del decano actual de la prensa periódica española _cAntonio Asenjo |
| 260 |
_aMadrid _c1929 _bHemeroteca Municipal de Madrid |
||
| 300 | _a44 p. | ||
| 610 | 2 |
_92617 _aDiari de Barcelona _xHistòria |
|
| 942 |
_cFULLET _2udc |
||
| 999 |
_c703 _d703 |
||